[Event "DMP Ekstraliga 2020"]
[Site "Krakow"]
[Date "2020.08.29"]
[Round "4.14"]
[White "Dziuba, Marcin"]
[Black "Cyborowski, Lukasz"]
[Result "1/2-1/2"]
[WhiteElo "2590"]
[BlackElo "2508"]
[Annotator "ChessBase"]
[PlyCount "131"]
[EventDate "2020.08.26"]
[EventType "team-tourn"]
[EventCountry "POL"]
[SourceTitle "playchess.com"]
[Source "ChessBase"]
[SourceQuality "1"]
[WhiteTeam "Wieza Pegow"]
[BlackTeam "Wrzos Miedzyborow"]
[TimeControl "30/5400+30:1800+30"]

1. d4 {[%emt 0:00:00]} d5 {[%emt 0:00:19]} 2. c4 {[%emt 0:00:00]} e6 {[%emt 0:00:07]} 3. Nf3 {[%emt 0:00:00]} Nf6 {[%emt 0:00:52]} 4. g3 {[%emt 0:00:03]} Be7 {[%emt 0:02:11]} 5. Bg2 {[%emt 0:00:29]} O-O {[%emt 0:00:08]} 6. O-O {[%emt 0:00:04]} dxc4 {[%emt 0:00:56]} 7. Qa4 {[%emt 0:02:52]} a6 {[%emt 0:01:42]} 8. Qxc4 {[%emt 0:00:15]} b5 {[%emt 0:00:08]} 9. Qc2 {[%emt 0:00:04]} Bb7 {[%emt 0:00:05]} 10. Bd2 {[%emt 0:01:48]} Be4 {[%emt 0:01:03]} 11. Qc1 {[%emt 0:00:30]} Bb7 {[%emt 0:00:18]} 12. Bf4 {[%emt 0:04:59]} Nd5 {[%emt 0:16:48]} 13. Nc3 {[%emt 0:01:49]} Nxf4 {[%emt 0:11:57]} 14. Qxf4 {[%emt 0:00:16]} Nd7 {[%emt 0:00:18]} 15. Rfd1 {[%emt 0:08:34]} Bd6 {[%emt 0:07:53]} 16. Qh4 {[%emt 0:01:49]} Qxh4 {[%emt 0:10:22]} 17. Nxh4 {[%emt 0:00:15]} Bxg2 {[%emt 0:00:05]} 18. Kxg2 {[%emt 0:00:20]} f5 {[%emt 0:00:13]} 19. Rac1 {[%emt 0:14:50]} Rac8 {[%emt 0:04:04]} 20. Nf3 {[%emt 0:05:49]} Nb6 {[%emt 0:07:38]} 21. Rc2 {[%emt 0:05:21]} c5 {[%emt 0:04:46]} 22. dxc5 {[%emt 0:17:46]} Bxc5 {[%emt 0:00:06]} 23. Rdc1 {[%emt 0:00:08]} Bb4 {[%emt 0:03:18]} 24. e3 {[%emt 0:06:52]} Rc4 {[%emt 0:25:08]} 25. b3 {[%emt 0:06:42]} Rxc3 {[%emt 0:00:31]} 26. Rxc3 {[%emt 0:00:04]} Bxc3 {[%emt 0:00:03]} 27. Rxc3 {[%emt 0:00:06]} Rc8 {[%emt 0:00:06]} 28. Rd3 {[%emt 0:02:10]} Nd5 {[%emt 0:00:07]} 29. Ng5 {[%emt 0:00:54]} Nc3 {[%emt 0:02:40]} 30. Nxe6 {[%emt 0:03:28]} Nxa2 {[%emt 0:00:04]} 31. Rd7 {[%emt 0:31:57]} g6 {[%emt 0:30:05]} 32. Rg7+ {[%emt 0:00:03]} Kh8 {[%emt 0:00:03]} 33. Ra7 {[%emt 0:00:07]} Nb4 {[%emt 0:00:05]} 34. h4 {[%emt 0:01:06]} Kg8 {[%emt 0:00:42]} 35. h5 {[%emt 0:00:39]} gxh5 {[%emt 0:00:14]} 36. Kh3 {[%emt 0:02:07]} Nd3 {[%emt 0:00:47]} 37. f3 {[%emt 0:08:45]} Ne5 {[%emt 0:00:35]} 38. f4 {[%emt 0:01:10]} Nf3 {[%emt 0:00:06]} 39. Kg2 {[%emt 0:01:45]} Ne1+ {[%emt 0:01:37]} 40. Kf1 {[%emt 0:00:00]} Nd3 {[%emt 0:00:00]} 41. Nd4 {[%emt 0:00:00]} Rc3 {[%emt 0:00:00]} 42. Nxf5 {[%emt 0:00:00]} Rxb3 {[%emt 0:00:00]} 43. Nh6+ {[%emt 0:00:00]} Kf8 {[%emt 0:00:00]} 44. Ke2 {[%emt 0:00:00]} Nb4 {[%emt 0:00:00]} 45. e4 {[%emt 0:00:00]} Nc6 {[%emt 0:02:44]} 46. Ra8+ {[%emt 0:00:00]} Ke7 {[%emt 0:00:14]} 47. Nf5+ {[%emt 0:00:00]} Kd7 {[%emt 0:00:03]} 48. Rxa6 {[%emt 0:00:00]} b4 {[%emt 0:00:45]} 49. Rb6 {[%emt 0:02:23]} Rb2+ {[%emt 0:00:52]} 50. Kd3 {[%emt 0:01:03]} Kc7 {[%emt 0:00:04]} 51. Rb5 {[%emt 0:00:07]} Rb3+ {[%emt 0:00:42]} 52. Kd2 {[%emt 0:04:49]} Rb2+ {[%emt 0:01:17]} 53. Kd3 {[%emt 0:01:10]} Rb3+ {[%emt 0:00:01]} 54. Kd2 {[%emt 0:00:40]} Rb2+ {[%emt 0:00:01]} 55. Kc1 {[%emt 0:00:03]} Rf2 {[%emt 0:01:32]} 56. Rc5 {[%emt 0:01:15]} Kb6 {[%emt 0:00:16]} 57. Rc2 {[%emt 0:00:17]} Rf1+ {[%emt 0:00:27]} 58. Kb2 {[%emt 0:00:05]} Re1 {[%emt 0:01:12]} 59. e5 {[%emt 0:00:25]} h4 {[%emt 0:00:25]} 60. gxh4 {[%emt 0:00:23]} Re4 {[%emt 0:00:21]} 61. Rf2 {[%emt 0:00:37]} Kc5 {[%emt 0:00:16]} 62. Nd6 {[%emt 0:00:27]} Re3 {[%emt 0:00:14]} 63. Rc2+ {[%emt 0:01:00]} Kd5 {[%emt 0:00:08]} 64. Nc4 {[%emt 0:00:44]} Rc3 {[%emt 0:00:45]} 65. Nb6+ {[%emt 0:00:34]} Ke4 {[%emt 0:00:16]} 66. Rxc3 {[%emt 0:00:26]} 1/2-1/2

[Event "DMP Ekstraliga 2020"]
[Site "Krakow"]
[Date "2020.08.29"]
[Round "4.15"]
[White "Nurkiewicz, Maciej"]
[Black "Hnydiuk, Aleksander"]
[Result "1/2-1/2"]
[WhiteElo "2326"]
[BlackElo "2411"]
[Annotator "ChessBase"]
[PlyCount "98"]
[EventDate "2020.08.26"]
[EventType "team-tourn"]
[EventCountry "POL"]
[SourceTitle "playchess.com"]
[Source "ChessBase"]
[SourceQuality "1"]
[WhiteTeam "Wrzos Miedzyborow"]
[BlackTeam "Wieza Pegow"]
[TimeControl "30/5400+30:1800+30"]

1. d4 {[%emt 0:00:00]} d5 {[%emt 0:04:14]} 2. c4 {[%emt 0:00:00]} c6 {[%emt 0:00:02]} 3. Nf3 {[%emt 0:00:01]} Nf6 {[%emt 0:00:04]} 4. e3 {[%emt 0:00:28]} Bf5 {[%emt 0:00:39]} 5. Nc3 {[%emt 0:02:29]} a6 {[%emt 0:00:20]} 6. Be2 {[%emt 0:07:59]} h6 {[%emt 0:00:52]} 7. O-O {[%emt 0:00:26]} e6 {[%emt 0:00:14]} 8. a3 {[%emt 0:23:59]} Nbd7 {[%emt 0:11:13]} 9. b4 {[%emt 0:00:32]} Bd6 {[%emt 0:11:50]} 10. Bb2 {[%emt 0:03:22]} O-O {[%emt 0:03:08]} 11. Bd3 {[%emt 0:08:08]} dxc4 {[%emt 0:35:44]} 12. Bxc4 {[%emt 0:01:38]} e5 {[%emt 0:00:07]} 13. Nh4 {[%emt 0:17:35]} Bh7 {[%emt 0:01:30]} 14. dxe5 {[%emt 0:09:24]} Nxe5 {[%emt 0:00:41]} 15. Be2 {[%emt 0:00:19]} Qe7 {[%emt 0:15:10]} 16. Nf3 {[%emt 0:07:47]} Rad8 {[%emt 0:00:42]} 17. Qb3 {[%emt 0:02:35]} Nfg4 {[%emt 0:06:25]} 18. g3 {[%emt 0:03:15]} Bd3 {[%emt 0:01:28]} 19. Nxe5 {[%emt 0:01:22]} Nxe5 {[%emt 0:00:36]} 20. Nd5 {[%emt 0:02:29]} cxd5 {[%emt 0:00:16]} 21. Bxd3 {[%emt 0:00:02]} d4 {[%emt 0:00:37]} 22. Be2 {[%emt 0:03:42]} d3 {[%emt 0:02:14]} 23. Bxd3 {[%emt 0:01:37]} Nxd3 {[%emt 0:00:04]} 24. Qxd3 {[%emt 0:00:14]} Bxb4 {[%emt 0:02:24]} 25. Qf5 {[%emt 0:01:30]} Bd6 {[%emt 0:00:21]} 26. Rfd1 {[%emt 0:00:57]} Rfe8 {[%emt 0:01:00]} 27. Rd5 {[%emt 0:00:22]} Qe6 {[%emt 0:00:38]} 28. Qd3 {[%emt 0:00:32]} Be7 {[%emt 0:00:18]} 29. e4 {[%emt 0:01:00]} Bf6 {[%emt 0:00:13]} 30. Bxf6 {[%emt 0:00:25]} Qxf6 {[%emt 0:00:14]} 31. Rd1 {[%emt 0:30:10]} Rxd5 {[%emt 0:30:17]} 32. exd5 {[%emt 0:00:13]} Qd6 {[%emt 0:00:48]} 33. Qb3 {[%emt 0:00:34]} b5 {[%emt 0:00:12]} 34. a4 {[%emt 0:00:41]} b4 {[%emt 0:01:50]} 35. a5 {[%emt 0:00:18]} Rb8 {[%emt 0:00:10]} 36. Rc1 {[%emt 0:00:38]} Rb5 {[%emt 0:00:47]} 37. Qd3 {[%emt 0:00:22]} Rb8 38. Rc6 {[%emt 0:00:19]} Qd8 {[%emt 0:00:39]} 39. Qxa6 {[%emt 0:01:33]} b3 {[%emt 0:00:19]} 40. Rd6 {[%emt 0:00:00]} Qe7 {[%emt 0:00:00]} 41. Rb6 {[%emt 0:00:00]} Qe1+ {[%emt 0:00:00]} 42. Kg2 {[%emt 0:00:00]} Qe4+ {[%emt 0:00:00]} 43. Kh3 {[%emt 0:00:00]} Qf5+ {[%emt 0:00:00]} 44. Kg2 {[%emt 0:00:00]} Qxd5+ {[%emt 0:00:00]} 45. Kh3 {[%emt 0:00:00]} Qf5+ {[%emt 0:00:00]} 46. Kg2 {[%emt 0:00:00]} Qe4+ {[%emt 0:00:00]} 47. Kh3 {[%emt 0:00:00]} Qf5+ {[%emt 0:03:10]} 48. Kg2 {[%emt 0:00:00]} Qd5+ {[%emt 0:00:09]} 49. Kh3 {[%emt 0:00:00]} Qf5+ {[%emt 0:01:38]} 1/2-1/2

[Event "DMP Ekstraliga 2020"]
[Site "Krakow"]
[Date "2020.08.29"]
[Round "4.16"]
[White "Zilka, Stepan"]
[Black "Bartel, Michal"]
[Result "1-0"]
[WhiteElo "2564"]
[BlackElo "2274"]
[Annotator "ChessBase"]
[PlyCount "103"]
[EventDate "2020.08.26"]
[EventType "team-tourn"]
[EventCountry "POL"]
[SourceTitle "playchess.com"]
[Source "ChessBase"]
[SourceQuality "1"]
[WhiteTeam "Wieza Pegow"]
[BlackTeam "Wrzos Miedzyborow"]
[TimeControl "30/5400+30:1800+30"]

1. d4 {[%emt 0:00:00]} Nf6 {[%emt 0:00:00]} 2. c4 {[%emt 0:00:00]} c5 {[%emt 0:00:00]} 3. d5 {[%emt 0:00:00]} e6 {[%emt 0:00:00]} 4. Nc3 {[%emt 0:00:00]} exd5 {[%emt 0:00:00]} 5. cxd5 {[%emt 0:00:02]} d6 {[%emt 0:00:00]} 6. e4 {[%emt 0:00:21]} g6 {[%emt 0:00:06]} 7. f4 {[%emt 0:00:18]} Bg7 {[%emt 0:00:12]} 8. Bb5+ {[%emt 0:00:06]} Nfd7 {[%emt 0:00:10]} 9. Bd3 {[%emt 0:00:28]} Qh4+ {[%emt 0:01:41]} 10. g3 {[%emt 0:00:25]} Qe7 {[%emt 0:00:03]} 11. Nf3 {[%emt 0:00:13]} O-O {[%emt 0:00:20]} 12. O-O {[%emt 0:00:15]} a6 {[%emt 0:00:51]} 13. a4 {[%emt 0:00:22]} Nf6 {[%emt 0:02:31]} 14. Kg2 {[%emt 0:07:51]} Bg4 {[%emt 0:01:21]} 15. h3 {[%emt 0:01:40]} Bxf3+ {[%emt 0:00:06]} 16. Qxf3 {[%emt 0:00:29]} Nbd7 {[%emt 0:00:11]} 17. Bd2 {[%emt 0:02:03]} Rfe8 {[%emt 0:03:28]} 18. Rae1 {[%emt 0:04:42]} Qd8 {[%emt 0:04:39]} 19. Re2 {[%emt 0:03:23]} Nb6 {[%emt 0:12:24]} 20. b3 {[%emt 0:06:47]} Nfd7 {[%emt 0:04:18]} 21. Bc2 {[%emt 0:17:10]} Rb8 {[%emt 0:11:27]} 22. h4 {[%emt 0:04:44]} Nc8 {[%emt 0:04:38]} 23. h5 {[%emt 0:01:00]} Qe7 {[%emt 0:02:11]} 24. Nd1 {[%emt 0:06:29]} b5 {[%emt 0:04:14]} 25. a5 {[%emt 0:00:10]} b4 {[%emt 0:01:22]} 26. Bd3 {[%emt 0:14:06]} Na7 {[%emt 0:03:35]} 27. hxg6 {[%emt 0:01:45]} hxg6 {[%emt 0:00:08]} 28. Bxa6 {[%emt 0:05:34]} Nb5 {[%emt 0:00:06]} 29. Qd3 {[%emt 0:00:13]} Nd4 {[%emt 0:00:21]} 30. Ree1 {[%emt 0:00:03]} Ra8 {[%emt 0:01:08]} 31. Nb2 {[%emt 0:33:42]} c4 {[%emt 0:33:06]} 32. Bxc4 {[%emt 0:00:07]} Nc5 {[%emt 0:00:30]} 33. Qb1 {[%emt 0:00:42]} Ndxb3 {[%emt 0:02:22]} 34. Bxb3 {[%emt 0:10:18]} Nxb3 {[%emt 0:00:51]} 35. Nc4 {[%emt 0:00:14]} Nxd2 {[%emt 0:00:38]} 36. Nxd2 {[%emt 0:00:01]} Bc3 {[%emt 0:02:09]} 37. Re2 {[%emt 0:00:01]} Rxa5 {[%emt 0:00:19]} 38. e5 {[%emt 0:02:12]} Qb7 {[%emt 0:08:42]} 39. Ne4 {[%emt 0:01:08]} Qxd5 {[%emt 0:00:28]} 40. Rd1 {[%emt 0:00:00]} Qa8 {[%emt 0:00:00]} 41. Rxd6 {[%emt 0:00:00]} Kg7 {[%emt 0:00:00]} 42. Rd7 {[%emt 0:00:00]} Ra3 {[%emt 0:00:00]} 43. Qd3 {[%emt 0:00:00]} Qc6 {[%emt 0:00:00]} 44. Qd6 {[%emt 0:00:00]} Ra6 {[%emt 0:00:00]} 45. Qxc6 {[%emt 0:00:00]} Rxc6 {[%emt 0:00:00]} 46. Nd6 {[%emt 0:00:00]} Rxd6 {[%emt 0:00:08]} 47. Rxd6 {[%emt 0:00:00]} b3 {[%emt 0:00:04]} 48. Rb6 {[%emt 0:00:00]} b2 {[%emt 0:00:29]} 49. Rb7 {[%emt 0:00:10]} Kg8 {[%emt 0:00:46]} 50. Rc2 {[%emt 0:00:50]} Bd4 {[%emt 0:00:04]} 51. Rc4 {[%emt 0:01:42]} Rd8 {[%emt 0:00:14]} 52. Kf3 {[%emt 0:01:06]} 1-0

[Event "DMP Ekstraliga 2020"]
[Site "Krakow"]
[Date "2020.08.29"]
[Round "4.17"]
[White "Sliwerski, Radoslaw"]
[Black "Plat, Vojtech"]
[Result "0-1"]
[WhiteElo "2042"]
[BlackElo "2566"]
[Annotator "ChessBase"]
[PlyCount "42"]
[EventDate "2020.08.26"]
[EventType "team-tourn"]
[EventCountry "POL"]
[SourceTitle "playchess.com"]
[Source "ChessBase"]
[SourceQuality "1"]
[WhiteTeam "Wrzos Miedzyborow"]
[BlackTeam "Wieza Pegow"]
[TimeControl "30/5400+30:1800+30"]

1. d4 {[%emt 0:00:00]} d6 {[%emt 0:00:00]} 2. Nf3 {[%emt 0:00:00]} g6 {[%emt 0:00:00]} 3. c4 {[%emt 0:01:24]} Bg7 {[%emt 0:00:01]} 4. g3 {[%emt 0:01:03]} Nf6 {[%emt 0:00:34]} 5. Bg2 {[%emt 0:00:03]} O-O {[%emt 0:00:13]} 6. O-O {[%emt 0:00:05]} Nc6 {[%emt 0:00:05]} 7. Nc3 {[%emt 0:00:07]} Bf5 {[%emt 0:00:43]} 8. Ne1 {[%emt 0:01:12]} Qd7 {[%emt 0:03:49]} 9. e4 {[%emt 0:03:30]} Bh3 {[%emt 0:00:08]} 10. d5 {[%emt 0:08:42]} Na5 {[%emt 0:03:12]} 11. b3 {[%emt 0:07:40]} a6 {[%emt 0:04:13]} 12. Nc2 {[%emt 0:17:48]} b5 {[%emt 0:03:08]} 13. cxb5 {[%emt 0:04:03]} axb5 {[%emt 0:00:11]} 14. Be3 {[%emt 0:00:59]} c5 {[%emt 0:03:02]} 15. e5 {[%emt 0:10:48]} Bxg2 {[%emt 0:03:06]} 16. Kxg2 {[%emt 0:00:08]} Ng4 {[%emt 0:00:31]} 17. f4 {[%emt 0:06:35]} dxe5 {[%emt 0:02:15]} 18. Bxc5 {[%emt 0:04:13]} Rfc8 {[%emt 0:00:50]} 19. b4 {[%emt 0:03:36]} exf4 {[%emt 0:04:31]} 20. Qf3 {[%emt 0:06:26]} Nb7 {[%emt 0:03:02]} 21. Ne4 {[%emt 0:12:42]} f5 {[%emt 0:00:21]} 0-1

[Event "DMP Ekstraliga 2020"]
[Site "Krakow"]
[Date "2020.08.29"]
[Round "4.18"]
[White "Majdan, Joanna"]
[Black "Kulon, Klaudia"]
[Result "1/2-1/2"]
[WhiteElo "2325"]
[BlackElo "2336"]
[Annotator "ChessBase"]
[PlyCount "37"]
[EventDate "2020.08.26"]
[EventType "team-tourn"]
[EventCountry "POL"]
[SourceTitle "playchess.com"]
[Source "ChessBase"]
[SourceQuality "1"]
[WhiteTeam "Wieza Pegow"]
[BlackTeam "Wrzos Miedzyborow"]
[TimeControl "30/5400+30:1800+30"]

1. e4 {[%emt 0:00:00]} e5 {[%emt 0:00:00]} 2. Nf3 {[%emt 0:00:16]} Nc6 {[%emt 0:00:00]} 3. Bb5 {[%emt 0:00:07]} a6 {[%emt 0:00:00]} 4. Bxc6 {[%emt 0:01:18]} dxc6 {[%emt 0:00:00]} 5. O-O {[%emt 0:00:57]} f6 {[%emt 0:00:00]} 6. d4 {[%emt 0:01:08]} exd4 {[%emt 0:01:09]} 7. Nxd4 {[%emt 0:00:06]} c5 {[%emt 0:00:07]} 8. Ne2 {[%emt 0:00:54]} Qxd1 {[%emt 0:00:08]} 9. Rxd1 {[%emt 0:00:04]} Bd7 {[%emt 0:00:04]} 10. Nbc3 {[%emt 0:01:24]} O-O-O {[%emt 0:00:09]} 11. Be3 {[%emt 0:04:56]} Re8 {[%emt 0:00:44]} 12. Rd2 {[%emt 0:04:23]} Bc6 {[%emt 0:00:32]} 13. Rad1 {[%emt 0:01:42]} b6 {[%emt 0:00:25]} 14. f3 {[%emt 0:01:31]} Ne7 {[%emt 0:02:20]} 15. Nf4 {[%emt 0:08:15]} Ng6 {[%emt 0:00:58]} 16. Ncd5 {[%emt 0:04:37]} Ne5 {[%emt 0:08:13]} 17. b3 {[%emt 0:00:52]} h5 {[%emt 0:09:30]} 18. h4 {[%emt 0:02:58]} Kb7 {[%emt 0:02:40]} 19. Ne2 {[%emt 0:04:34]} 1/2-1/2

[Event "DMP Ekstraliga 2020"]
[Site "Krakow"]
[Date "2020.08.29"]
[Round "4.19"]
[White "Harikrishna, Pentala"]
[Black "Kempinski, Robert"]
[Result "1/2-1/2"]
[WhiteElo "2732"]
[BlackElo "2568"]
[Annotator "TA"]
[PlyCount "33"]
[EventDate "2020.08.26"]
[EventType "team-tourn"]
[EventCountry "POL"]
[SourceTitle "playchess.com"]
[Source "ChessBase"]
[SourceQuality "1"]
[WhiteTeam "Polonia Wroclaw"]
[BlackTeam "Miedz Legnica"]

{[%evp 13,33,0,0,0,0,0,0,-14,0,0,5,-14,0,0,0,0,0,-2,-9,-35,-29,-33]} 1. d4 Nf6 2. c4 e6 3. Nf3 Bb4+ 4. Nbd2 O-O 5. g3 c5 6. dxc5 Bxc5 7. Bg2 Nc6 8. O-O {E00: Catalan Bogo-Indian (3 g3 Bb4+).} b6 9. a3 a5 10. Nb3 {[#] The position is equal.} Ba6 $146 ({Predecessor:} 10... Be7 11. Bf4 Ba6 12. Rc1 Rc8 13. Re1 Ne4 14. Nfd2 Nxd2 15. Nxd2 f5 16. Nf3 Kh8 {0-1 (34) Eretova,K (2180)-Kantor,J Halle/Saale 1979}) 11. Nxc5 bxc5 12. Bg5 h6 13. Bxf6 Qxf6 14. Qxd7 Rac8 {[#] Strongly threatening ...Rfd8.} 15. Qd2 Bxc4 16. Rfe1 Bb3 17. Rac1 {Accuracy: White = 88%, Black = 100%.} 1/2-1/2

[Event "DMP Ekstraliga 2020"]
[Site "Krakow"]
[Date "2020.08.29"]
[Round "4.20"]
[White "Heberla, Bartlomiej"]
[Black "Bartel, Mateusz"]
[Result "1/2-1/2"]
[WhiteElo "2566"]
[BlackElo "2643"]
[Annotator "ChessBase"]
[PlyCount "101"]
[EventDate "2020.08.26"]
[EventType "team-tourn"]
[EventCountry "POL"]
[SourceTitle "playchess.com"]
[Source "ChessBase"]
[SourceQuality "1"]
[WhiteTeam "Miedz Legnica"]
[BlackTeam "Polonia Wroclaw"]
[TimeControl "30/5400+30:1800+30"]

1. c4 {[%emt 0:00:00]} b6 {[%emt 0:00:12]} 2. Nc3 {[%emt 0:01:00]} Bb7 {[%emt 0:00:22]} 3. e4 {[%emt 0:10:29]} e5 {[%emt 0:00:30]} 4. d3 {[%emt 0:02:38]} Bc5 {[%emt 0:04:05]} 5. a3 {[%emt 0:14:17]} a5 {[%emt 0:14:28]} 6. Nf3 {[%emt 0:09:15]} Nc6 {[%emt 0:00:15]} 7. Nxe5 {[%emt 0:02:12]} Nxe5 {[%emt 0:00:09]} 8. d4 {[%emt 0:00:03]} Bd6 {[%emt 0:00:15]} 9. dxe5 {[%emt 0:00:05]} Bxe5 {[%emt 0:00:10]} 10. Qc2 {[%emt 0:00:13]} Nf6 {[%emt 0:13:23]} 11. f3 {[%emt 0:02:08]} O-O {[%emt 0:00:05]} 12. Be3 {[%emt 0:04:37]} c6 {[%emt 0:02:36]} 13. O-O-O {[%emt 0:17:32]} d5 {[%emt 0:02:20]} 14. c5 {[%emt 0:00:04]} d4 {[%emt 0:09:21]} 15. Bg5 {[%emt 0:06:15]} h6 {[%emt 0:15:36]} 16. Bh4 {[%emt 0:01:28]} Qc7 {[%emt 0:09:04]} 17. cxb6 {[%emt 0:02:18]} Qe7 {[%emt 0:00:49]} 18. Nb1 {[%emt 0:02:03]} c5 {[%emt 0:01:18]} 19. Nd2 {[%emt 0:00:07]} Qe6 {[%emt 0:01:01]} 20. Bxf6 {[%emt 0:02:38]} Qxf6 {[%emt 0:01:48]} 21. Nc4 {[%emt 0:00:05]} Bxh2 {[%emt 0:00:24]} 22. Kb1 {[%emt 0:01:13]} Bg3 {[%emt 0:07:41]} 23. Bd3 {[%emt 0:04:27]} Ba6 {[%emt 0:00:37]} 24. Rh3 {[%emt 0:01:15]} Bf4 {[%emt 0:00:42]} 25. g3 {[%emt 0:04:47]} Bxc4 {[%emt 0:00:02]} 26. Bxc4 {[%emt 0:00:13]} Be3 {[%emt 0:00:05]} 27. f4 {[%emt 0:00:21]} Qxb6 {[%emt 0:00:05]} 28. e5 {[%emt 0:00:09]} Rab8 {[%emt 0:02:36]} 29. Rh2 {[%emt 0:01:27]} Rb7 {[%emt 0:01:33]} 30. Qf5 {[%emt 0:04:48]} Re8 {[%emt 0:03:26]} 31. Re1 {[%emt 0:34:38]} Kf8 {[%emt 0:31:46]} 32. e6 {[%emt 0:02:17]} Rxe6 {[%emt 0:00:52]} 33. Bxe6 {[%emt 0:00:05]} Qxe6 {[%emt 0:00:05]} 34. Qxe6 {[%emt 0:00:51]} fxe6 {[%emt 0:00:02]} 35. Rc2 {[%emt 0:00:32]} d3 {[%emt 0:03:07]} 36. Rxe3 {[%emt 0:00:49]} dxc2+ {[%emt 0:00:05]} 37. Kxc2 {[%emt 0:00:02]} Kf7 {[%emt 0:03:41]} 38. Re5 {[%emt 0:00:39]} Rc7 {[%emt 0:00:02]} 39. Kb3 {[%emt 0:00:20]} Kf6 {[%emt 0:00:09]} 40. Ka4 {[%emt 0:00:00]} c4 {[%emt 0:00:00]} 41. Re3 {[%emt 0:00:00]} Rb7 {[%emt 0:00:00]} 42. Re2 {[%emt 0:00:00]} Rb3 {[%emt 0:00:00]} 43. Kxa5 {[%emt 0:00:00]} c3 {[%emt 0:00:00]} 44. bxc3 {[%emt 0:00:00]} Rxc3 {[%emt 0:00:00]} 45. a4 {[%emt 0:00:00]} Rxg3 {[%emt 0:00:00]} 46. Kb4 {[%emt 0:00:00]} Rg1 {[%emt 0:00:00]} 47. a5 {[%emt 0:00:00]} Rb1+ {[%emt 0:00:00]} 48. Kc5 {[%emt 0:00:00]} Ra1 {[%emt 0:00:00]} 49. Kb6 {[%emt 0:00:00]} g5 {[%emt 0:00:00]} 50. fxg5+ {[%emt 0:00:00]} hxg5 {[%emt 0:00:00]} 51. Rf2+ {[%emt 0:00:00]} 1/2-1/2

[Event "DMP Ekstraliga 2020"]
[Site "Krakow"]
[Date "2020.08.29"]
[Round "4.21"]
[White "Gumularz, Szymon"]
[Black "Olszewski, Michal"]
[Result "1-0"]
[WhiteElo "2506"]
[BlackElo "2547"]
[Annotator "ChessBase"]
[PlyCount "129"]
[EventDate "2020.08.26"]
[EventType "team-tourn"]
[EventCountry "POL"]
[SourceTitle "playchess.com"]
[Source "ChessBase"]
[SourceQuality "1"]
[WhiteTeam "Polonia Wroclaw"]
[BlackTeam "Miedz Legnica"]
[TimeControl "30/5400+30:1800+30"]

1. e4 {[%emt 0:00:00]} e5 {[%emt 0:00:00]} 2. Nf3 {[%emt 0:00:00]} Nc6 {[%emt 0:00:00]} 3. Bc4 {[%emt 0:00:00]} Nf6 {[%emt 0:00:00]} 4. d3 {[%emt 0:00:00]} Be7 {[%emt 0:00:00]} 5. O-O {[%emt 0:00:29]} O-O {[%emt 0:00:00]} 6. Re1 {[%emt 0:00:29]} d6 {[%emt 0:00:05]} 7. a4 {[%emt 0:00:05]} Na5 {[%emt 0:04:11]} 8. Ba2 {[%emt 0:00:09]} c5 {[%emt 0:00:06]} 9. Na3 {[%emt 0:00:37]} Nc6 {[%emt 0:03:11]} 10. c3 {[%emt 0:00:09]} h6 {[%emt 0:07:29]} 11. Bd2 {[%emt 0:03:03]} Re8 {[%emt 0:03:24]} 12. Nc2 {[%emt 0:14:36]} Bf8 {[%emt 0:00:51]} 13. b4 {[%emt 0:00:41]} cxb4 {[%emt 0:14:25]} 14. cxb4 {[%emt 0:00:06]} Be6 {[%emt 0:00:03]} 15. b5 {[%emt 0:06:08]} Bxa2 {[%emt 0:02:24]} 16. Rxa2 {[%emt 0:00:11]} Ne7 {[%emt 0:05:08]} 17. Ne3 {[%emt 0:02:13]} Ng6 {[%emt 0:04:38]} 18. Qb3 {[%emt 0:06:40]} d5 {[%emt 0:07:39]} 19. Nxd5 {[%emt 0:11:11]} Nxd5 {[%emt 0:03:06]} 20. exd5 {[%emt 0:00:05]} Qd7 {[%emt 0:00:11]} 21. h4 {[%emt 0:00:18]} Rad8 {[%emt 0:24:56]} 22. h5 {[%emt 0:06:37]} Nf4 {[%emt 0:05:28]} 23. Nxe5 {[%emt 0:25:24]} Qxd5 {[%emt 0:00:53]} 24. Qxd5 {[%emt 0:00:53]} Nxd5 {[%emt 0:00:06]} 25. Nf3 {[%emt 0:11:11]} Rxe1+ {[%emt 0:00:07]} 26. Nxe1 {[%emt 0:02:31]} Nf6 {[%emt 0:01:08]} 27. Rc2 {[%emt 0:00:33]} Bd6 {[%emt 0:00:36]} 28. Be3 {[%emt 0:00:34]} Bb8 {[%emt 0:01:53]} 29. Rc5 {[%emt 0:01:50]} Kf8 {[%emt 0:05:54]} 30. Kf1 {[%emt 0:04:57]} Ke7 {[%emt 0:00:33]} 31. Ke2 {[%emt 0:30:11]} Rd5 {[%emt 0:35:15]} 32. Rc8 {[%emt 0:01:21]} Rd8 {[%emt 0:00:08]} 33. Rc5 {[%emt 0:00:22]} b6 {[%emt 0:01:22]} 34. Rc4 {[%emt 0:00:13]} Nxh5 {[%emt 0:00:03]} 35. Nc2 {[%emt 0:00:02]} Kd7 {[%emt 0:01:11]} 36. Nb4 {[%emt 0:00:19]} Bd6 {[%emt 0:00:32]} 37. Nc6 {[%emt 0:00:31]} Ra8 {[%emt 0:00:22]} 38. Kf3 {[%emt 0:02:33]} Bc7 {[%emt 0:01:01]} 39. Bd4 {[%emt 0:00:48]} f5 {[%emt 0:00:35]} 40. g4 {[%emt 0:00:00]} fxg4+ {[%emt 0:00:00]} 41. Kxg4 {[%emt 0:00:00]} Nf4 {[%emt 0:00:00]} 42. Be5 {[%emt 0:00:00]} Ne6 {[%emt 0:00:00]} 43. f4 {[%emt 0:00:00]} Bxe5 {[%emt 0:00:00]} 44. Nxe5+ {[%emt 0:00:00]} Kd6 {[%emt 0:00:00]} 45. Rc6+ {[%emt 0:00:00]} Kd5 {[%emt 0:00:00]} 46. Nc4 {[%emt 0:00:00]} Nf8 {[%emt 0:00:00]} 47. Rxb6 {[%emt 0:00:00]} axb6 {[%emt 0:00:00]} 48. Nxb6+ {[%emt 0:00:00]} Kc5 {[%emt 0:00:00]} 49. Nxa8 {[%emt 0:00:00]} Kb4 {[%emt 0:00:00]} 50. b6 {[%emt 0:00:00]} Ka5 {[%emt 0:00:00]} 51. b7 {[%emt 0:00:25]} Nd7 {[%emt 0:00:00]} 52. Nc7 {[%emt 0:01:13]} Kb6 {[%emt 0:00:00]} 53. Ne6 {[%emt 0:01:02]} Kxb7 {[%emt 0:00:00]} 54. Nxg7 {[%emt 0:00:10]} Nc5 {[%emt 0:00:00]} 55. d4 {[%emt 0:05:03]} Nxa4 {[%emt 0:00:00]} 56. f5 {[%emt 0:00:10]} Kc6 {[%emt 0:00:00]} 57. f6 {[%emt 0:00:19]} Kd6 {[%emt 0:00:00]} 58. Kh5 {[%emt 0:01:05]} Nb6 {[%emt 0:00:00]} 59. Kxh6 {[%emt 0:00:09]} Nd7 {[%emt 0:01:42]} 60. Kg6 {[%emt 0:00:42]} Kd5 {[%emt 0:01:09]} 61. Nf5 {[%emt 0:00:23]} Ke4 {[%emt 0:00:14]} 62. f7 {[%emt 0:01:32]} Nf8+ {[%emt 0:00:41]} 63. Kf6 {[%emt 0:00:30]} Nh7+ {[%emt 0:01:31]} 64. Ke7 {[%emt 0:00:19]} Kxf5 {[%emt 0:02:07]} 65. d5 {[%emt 0:00:03]} 1-0